=LDR 00000nam 2200000 4500 =001 INLIS000000000062631 =005 20230824091416 =035 ##$$a 0010-0823000294 =007 ta =008 230824###########################0###### =020 ##$$a 978-602-1634-22-6 =082 ##$$a 923.5 =084 ##$$a 923.5 BOB o =100 #$$a Bobby Revolta =245 1#$$a Operasi Seroja : $b Di TimorTimur Dahulu Kami Berjuang untuk Negara =260 ##$$a Yogyakarta :$b Matapadi Pressindo,$c 2017 =300 ##$$a xxiv, 134 halaman ; $c 19 =500 ##$$a Biografi: halaman134 =650 #4$$a Biografi Ahli Militer =990 ##$$a 08250825